书目信息 |
| 题名: |
植物纤维工业灰渣混凝土砌块建筑技术规程
|
|
| 作者: | ;中华人民共和国住房和城乡建设部 发布 | |
| 分册: | ||
| 出版信息: | 北京 中国建筑工业出版社 2011.02 |
|
| 页数: | 54页 | |
| 开本: | 21cm | |
| 丛书名: | 中华人民共和国行业标准 | |
| 单 册: | ||
| 中图分类: | T-652.6 , TU375.2 , TU375.2-65 | |
| 科图分类: | ||
| 主题词: | 植物纤维--Jian Zhu She Ji--技术规程--行业标准--中国--2010 , 混凝土结构 , 钢筋混凝土结构 | |
| 电子资源: | ||
| ISBN: | ||
| 000 | 01611nam 2200349 450 | |
| 001 | 1248900077 | |
| 005 | 20161213105248.22 | |
| 010 | @dCNY10.00 | |
| 091 | @a15112·20201@dCNY10.00 | |
| 094 | @aCN@bJGJ/T 228-2010 | |
| 100 | @a20090604d2011 ekmy0chiy50 ea | |
| 101 | 0 | @achi |
| 102 | @aCN@b110000 | |
| 105 | @aa z 000yy | |
| 200 | 1 | @a植物纤维工业灰渣混凝土砌块建筑技术规程@Azhi wu xian wei gong ye hui zha hun ning tu qi kuai jian zhu ji shu gui cheng@d=Technical sepecification for plant fiber-industrial waste slag concrete block masonry buildings@e备案号 J 1126-2010@f中华人民共和国住房和城乡建设部发布@Fzhong hua ren min gong he guo zhu fang he cheng xiang jian she bu fa bu |
| 210 | @a北京@c中国建筑工业出版社@d2011.02 | |
| 215 | @a54页@d21cm | |
| 225 | 2 | @a中华人民共和国行业标准 |
| 300 | @a中华人民共和国住房和城乡建设部发布于2010-11-17发布 2011-10-01 实施 | |
| 330 | @a本规程内容包括:总则、术语和符号、材料和砌体的计算指标、建筑设计与构造、结构设计、施工及验收等。 | |
| 410 | 0 | @12001 @a中华人民共和国行业标准 |
| 510 | @aTechnical sepecification for plant fiber-industrial waste slag concrete block masonry buildings | |
| 517 | 1 | @a备案号 J 1126-2010@Abei an hao J 1126-2010 |
| 606 | 0 | @a植物纤维@AJian Zhu She Ji@x技术规程@x行业标准@y中国@z2010 |
| 606 | 0 | @a混凝土结构 |
| 606 | 0 | @a钢筋混凝土结构 |
| 690 | @aT-652.6@v5 | |
| 690 | @aTU375.2@v4 | |
| 690 | @aTU375.2-65@v4 | |
| 711 | 02 | @a中华人民共和国住房和城乡建设部@Azhong hua ren min gong he guo zhu fang he cheng xiang jian she bu@4发布 |
| 801 | 0 | @aCN@c20110610 |
| 905 | @b1016132-4@dTU375.2-65@eZ911-5@f3 | |
| 植物纤维工业灰渣混凝土砌块建筑技术规程=Technical sepecification for plant fiber-industrial waste slag concrete block masonry buildings:备案号 J 1126-2010/中华人民共和国住房和城乡建设部发布.-北京:中国建筑工业出版社,2011.02 |
| 54页;21cm.-(中华人民共和国行业标准) |
| 中华人民共和国住房和城乡建设部发布于2010-11-17发布 2011-10-01 实施.-←并列题名:Technical sepecification for plant fiber-industrial waste slag concrete block masonry buildings |
| ISBN :CNY10.00 |
| 本规程内容包括:总则、术语和符号、材料和砌体的计算指标、建筑设计与构造、结构设计、施工及验收等。 |
| ● |
| 相关链接 |
|
|
|
正题名:植物纤维工业灰渣混凝土砌块建筑技术规程
索取号:TU375.2-65/Z911-5
 
预约/预借
| 序号 | 登录号 | 条形码 | 馆藏地/架位号 | 状态 | 备注 |
| 1 | 1016132 | 210161322 | 建筑库101/101建筑库 51排5列2层/ [索取号:T-652.6/Z935] | 在馆 | |
| 2 | 1016133 | 210161331 | 建筑库101/101建筑库 88排1列2层/ [索取号:T-652.6/Z935] | 在馆 | |
| 3 | 1016134 | 210161340 | 建筑库101/101建筑库 88排4列5层/ [索取号:T-652.6/Z935] | 在馆 |